Central Library OPAC University of Rajshahi

The Decroly class : (Record no. 50285)

MARC details
000 -LEADER
fixed length control field 00746nam a2200241 a 4500
001 - CONTROL NUMBER
control field 50285
003 - CONTROL NUMBER IDENTIFIER
rucl marc code BD-RjUL
005 - DATE AND TIME OF LATEST TRANSACTION
control field 20211209075503.0
008 - FIXED-LENGTH DATA ELEMENTS--GENERAL INFORMATION
fixed length control field 160824s1924 nyua 001 0beng
035 ## - SYSTEM CONTROL NUMBER
System control number (BD-RjUL)50405
040 ## - CATALOGING SOURCE
Original cataloging agency DLC
Transcribing agency CarP
Modifying agency BD-RjUL
Language of cataloging eng
041 ## - LANGUAGE CODE
Language code of text/sound track or separate title eng
082 ## - DEWEY DECIMAL CLASSIFICATION NUMBER
Edition number 23
Author mark and year HAD 1936
Classification number 371.3
100 1# - MAIN ENTRY--PERSONAL NAME
Personal name Hamaide, Amelie
9 (RLIN) 150705
245 14 - TITLE STATEMENT
Title The Decroly class :
Remainder of title a contribution to elementary education /
260 ## - PUBLICATION, DISTRIBUTION, ETC. (IMPRINT)
Place of publication, distribution, etc. New York :
Name of publisher, distributor, etc. E. P. Dutton & company,
Date of publication, distribution, etc. 1925 [ Reprinted 1936 ]
300 ## - PHYSICAL DESCRIPTION
Pagination xxviii,318 p. :
Illustrations ill. ;
Size 20 cm.
504 ## - BIBLIOGRAPHY, ETC. NOTE
Bibliography, etc Includes index and bibliography.
600 10 - SUBJECT ADDED ENTRY--PERSONAL NAME
Personal name Decroly, Ovide,
Dates associated with a name 1871-1932.
650 #0 - SUBJECT ADDED ENTRY--TOPICAL TERM
Topical term or geographic name as entry element Education.
9 (RLIN) 150707
700 1# - ADDED ENTRY--PERSONAL NAME
Personal name Hunt, Jean Lee.
942 ## - ADDED ENTRY ELEMENTS (KOHA)
Source of classification or shelving scheme Dewey Decimal Classification
Koha item type Books
Holdings
Lost status Source of classification or shelving scheme Damaged status Not for loan Collection code Permanent Location Current Location Shelving location Date acquired Source of acquisition Cost, normal purchase price Total Checkouts Full call number Date last seen Copy number Koha item type
  Dewey Decimal Classification     Non-fiction Central Library, University of Rajshahi Central Library, University of Rajshahi   25/01/1956 S+M 7.60   371.3 HAD 1936 24/08/2016 C-2 Books